000 00818nam a2200277Ia 4500
001 Para_3751
003 CHAP
008 220125s1935 xx 000 0 und d
010 _a202186
040 _cCHAP
090 _aPA FOLLETO 971
100 _aHorne, W. T
_956256
245 _aThe control of Dothiorella rot on avocado fruits /
_c W. T. Horne and D. F. Palmer
260 _aBerkeley, Cal. :
_b Agricultural Experiment Station
300 _a16 p.
440 _aCalifornia. Agric. Exp. Sta. Bull.; 594
_9167249
650 _aDothiorella Aguacate
_x Enfermedades
_9167250
700 _aPalmer, D. F.
_984992
901 _aPA FOLLETO 971
902 _aA
905 _a0000001935 BER 0000000000 00
910 _a1935
942 _cPARA
942 _cPARA
_d1
999 _c202186
_d202186